Refrigerating systems (Record no. 105110)
[ view plain ]
| 000 -LEADER | |
|---|---|
| fixed length control field | 01371cam a2200205 4500 |
| 001 - CONTROL NUMBER | |
| control field | ##L132369 |
| 008 - FIXED-LENGTH DATA ELEMENTS--GENERAL INFORMATION | |
| fixed length control field | 060125n2002 000 0 eng u |
| 020 ## - INTERNATIONAL STANDARD BOOK NUMBER | |
| International Standard Book Number | 1903287286 |
| 035 ## - SYSTEM CONTROL NUMBER | |
| System control number | (Sirsi) u132369 |
| 041 0# - LANGUAGE CODE | |
| Language code of text/sound track or separate title | eng |
| 050 04 - LIBRARY OF CONGRESS CALL NUMBER | |
| Classification number | 697.931 2(218) |
| 100 1# - MAIN ENTRY--PERSONAL NAME | |
| Personal name | Welch, Terry |
| 245 00 - TITLE STATEMENT | |
| Title | Refrigerating systems |
| Remainder of title | CIBSE commissioning code R |
| 260 ## - PUBLICATION, DISTRIBUTION, ETC. | |
| Place of publication, distribution, etc. | London |
| Name of publisher, distributor, etc. | Chartered Institute of Building Services Engineers |
| Date of publication, distribution, etc. | 2002 |
| 300 ## - PHYSICAL DESCRIPTION | |
| Extent | 41p |
| Other physical details | diagrams, tables |
| Dimensions | 30cm. |
| 350 ## - PRICE (NR) (BK AM CF MU VM SE) [OBSOLETE] | |
| Price | 43 |
| 520 ## - SUMMARY, ETC. | |
| Summary, etc. | Provides recommendations and guidance on current standards of good commissioning practice for refrigerating plant and associated equipment used in air conditioning systems. Discusses safety issues, design for commissionability, specification, commissioning project management, pre-commissioning, combined pressure and leak testing, setting to work and adjusting, test apparatus and instruments, refrigerant recovery and disposal, and absorption systems. Appendices cover environmental and energy issues in refrigeration, alternatives to chlorofluorcarbons (CFC's) and hydrochlorofluorcarbons (HCFC's) variable refrigerant volume (VRV) and variable refrigerant flow (VRF) systems, and commissioning records. |
| 690 ## - LOCAL SUBJECT ADDED ENTRY--TOPICAL TERM (OCLC, RLIN) | |
| Topical term or geographic name as entry element | BUILT ENVIRONMENT-BUILDING ELEMENTS-COMPLETE BUILDING SERVICES ELEMENTS-COMPLETE HEATING, VENTILATION AND AIR CONDITIONING SYSTEMS |
| 942 ## - ADDED ENTRY ELEMENTS (KOHA) | |
| Suppress in OPAC | 0 |
| Withdrawn status | Lost status | Source of classification or shelving scheme | Damaged status | Not for loan | Home library | Current library | Shelving location | Date acquired | Total Checkouts | Full call number | Barcode | Date last seen | Copy number | Price effective from | Koha item type |
|---|---|---|---|---|---|---|---|---|---|---|---|---|---|---|---|
| Dewey Decimal Classification | London | London | Books | 13/02/2006 | F697.931 2 WEL | 30072430 | 06/08/2019 | 1 | 06/08/2019 | Book |